000 00332nam a2200145Ia 4500
003 OSt
005 20240212101649.0
008 170524s9999 xx 000 0 und d
020 _a8177581074
040 _ciimtu meerut
100 _aKOTLER- P
245 0 _aPRINCIPELS OF MARKETING
260 _bHIMALYA PUB. HOUSE
942 _2ddc
_c02
999 _c8019
_d8019